Sports Quiz

Random Sports or NFL Quiz

NFL Teams Not Containing 'E' Quiz Stats

 Plays Quiz Updated Jun 10, 2019

Score 0/16 Timer 03:00
8 Plays Today
Team % Correct
New England Patriots
92.9%
Dallas Cowboys
88.8%
New York Giants
88.6%
Miami Dolphins
88.6%
Los Angeles Rams
85.3%
Denver Broncos
85.2%
Cleveland Browns
85.2%
Arizona Cardinals
84.7%
Team % Correct
Minnesota Vikings
84.3%
Atlanta Falcons
82%
New Orleans Saints
81.1%
Detroit Lions
79.3%
Jacksonville Jaguars
79.3%
Buffalo Bills
78.7%
Indianapolis Colts
77.7%
Tennessee Titans
77.4%

You're not logged in!

Compare scores with friends on all Sporcle quizzes.
OR
Log In

Sporcle TV

Today on Sporcle TV


Watch our educational content, quiz creation guides, and fun videos on Sporcle TV.

Show Comments

Extras

Top Quizzes Today


Score Distribution

Your Account Isn't Verified!

In order to create a playlist on Sporcle, you need to verify the email address you used during registration. Go to your Sporcle Settings to finish the process.

Report this User

Report this user for behavior that violates our Community Guidelines.

Details: